| 000 | 00542cam a22001811 4500 | ||
|---|---|---|---|
| 082 |
_a336 _bEIN |
||
| 100 | 1 |
_aEinzig, Paul, _949214 |
|
| 245 | 1 | 0 |
_aBehind the scenes of international finance, _cby Paul Einzig. |
| 260 |
_aLondon, _bMacmillan and co., _c1932. |
||
| 300 |
_axviii. 154 p. _c22 cm. |
||
| 500 | _a"First edition, 1931 ; reprinted 1932." | ||
| 526 |
_a0 _b0 _c0 _d336_000000000000000_EIN |
||
| 650 | 0 | _aEconomic history | |
| 650 | 0 |
_aFinance _913793 |
|
| 650 | 0 |
_aFinance _zFrance _949215 |
|
| 650 | 0 |
_aMCE _9379 |
|
| 942 |
_2ddc _cBK |
||
| 999 |
_c552027 _d552027 |
||